[Event "West Wales Congress Major"]
[Site "Swansea"]
[Date "2019.10.12"]
[Round "2.6"]
[White "James, Lucas"]
[Black "Parsons, David"]
[Result "0-1"]
[WhiteElo "1515"]
[BlackElo "1691"]
[Annotator "kemen"]
[PlyCount "98"]
[EventDate "2019.10.11"]
[EventType "swiss"]
[EventRounds "5"]
[EventCountry "WLS"]

{[%evp 0,98,25,19,53,48,77,58,80,24,147,30,72,58,59,-4,1,-136,-128,-170,-144,
-139,-61,-39,-51,-46,-6,-19,-23,-23,-3,-4,32,28,6,-7,4,-5,4,-35,33,35,35,-70,
-104,-280,30,-189,-201,-196,-197,-190,-202,-199,-197,-187,-186,-205,-213,-222,
-210,-223,-250,-267,-223,-260,-189,-230,-244,-231,-203,-202,-210,-202,-213,
-217,-226,-274,-267,-314,-301,-331,-353,-368,-278,-273,-292,-287,-292,-300,
-306,-316,-373,-464,-579,-754,-832,-832,-1011,-1117,-1164]} 1. e4 e5 2. Nf3 d6
3. d4 Nf6 4. Bc4 (4. Nc3) 4... Be7 (4... Nxe4 5. dxe5 c6 {is perfectly safe})
5. O-O O-O {4 Wh wins, 1 draw} (5... exd4 {40 % for Wh}) 6. dxe5 (6. Nc3 Nbd7 {
back to main 13,611 games}) (6. Re1) 6... Nxe4 (6... dxe5 7. Nxe5 (7. Qxd8 Bxd8
{Cloud Engines}) 7... Be6 (7... Nxe4 $11 {Komodo13}) 8. Bxe6 fxe6 9. Qxd8 Rxd8
10. Nc3 {3-0}) 7. Qd5 {while good in some variations, here the Q can easily
get into trouble} (7. Re1 {Cloud Engines} Nc5 {1.5-2.5}) 7... Nc5 $11 8. b4 (8.
exd6 Qxd6 9. Qxd6 Bxd6 $11 {Cloud Engines}) 8... Be6 $19 9. Qd4 Nc6 10. Qc3
Bxc4 (10... Nxe5 $1 11. Bxe6 (11. Nxe5 Bf6 $19) 11... Nxe6 12. Nbd2 Nxf3+ 13.
Qxf3 d5 $19 {Komodo13}) (10... Ne4 11. Qd3 d5 12. Bb3 Bxb4 $17 {Komodo13}) 11.
Qxc4 Ne6 (11... d5 12. Qb5 a6 13. Qe2 Nxb4 $17 {Komodo13}) 12. Rd1 Qc8 $15 13.
Bb2 dxe5 14. Nxe5 Nxe5 (14... Nxb4 $15) 15. Bxe5 Rd8 16. Nc3 $11 c6 17. Ne4 b5
18. Qc3 (18. Rxd8+ Bxd8 19. Qe2 $11 {Komodo13}) 18... Rd5 19. Nd6 (19. a3)
19... Qf8 (19... Bxd6 20. Bxd6 Qd7 21. Rxd5 cxd5 22. Qe5 Rc8 23. Qxd5 Rd8 24.
Rd1 Nc7 25. Qd4 Qe6 26. g3 Ne8 27. Qxa7 h6 $19 {Komodo13}) 20. Rxd5 cxd5 21.
Qg3 (21. Qc6 Rd8 22. Nxb5 $11) (21. Nf5 Bxb4 22. Qf3 Bc5 23. Rd1 g6 24. Rxd5
Rc8 25. Ng3 Be7 26. Rxb5 Rxc2 27. h3 $11 {both Komodo13}) 21... f6 $17 22. Qg4
Nd8 $11 (22... Nc7 $19) (22... Ng5 $19 {both win a piece}) 23. Nxb5 (23. Qf3 $1
Nf7 24. Nxf7 Qxf7 25. Bc3 $11 {Komodo13}) 23... fxe5 $19 24. Nc7 Rb8 25. Nxd5
Bxb4 26. Rb1 Bd6 27. Rxb8 Bxb8 28. Qh4 Bd6 29. Qc4 Nf7 (29... Qf7) 30. Kf1 Bc5
31. f3 Bb6 32. Ke2 Qc5 33. Nxb6 (33. Qxc5) 33... Qxb6 34. Qc8+ Qd8 (34... Nd8)
35. Qxd8+ Nxd8 36. Kd3 Kf7 37. Ke4 Ke6 38. c4 Nf7 39. h4 Nd6+ 40. Kd3 Nf5 41.
h5 Kd6 (41... Nh4) 42. g4 Ne7 43. Ke4 Nc6 44. g5 g6 45. hxg6 hxg6 46. a3 Kc5
47. f4 exf4 48. Kxf4 Kxc4 49. Ke4 a6 0-1

[Event "West Wales Congress Major"]
[Site "Swansea"]
[Date "2019.10.12"]
[Round "2.7"]
[White "Szakmany, Bence"]
[Black "Williams, Stephen"]
[Result "0-1"]
[WhiteElo "1515"]
[BlackElo "1675"]
[Annotator "kemen"]
[PlyCount "100"]
[EventDate "2019.10.11"]
[EventType "swiss"]
[EventRounds "5"]
[EventCountry "WLS"]

{[%evp 0,100,25,15,74,71,67,43,47,36,26,21,31,15,16,15,17,25,41,15,41,27,28,30,
59,26,20,0,0,0,11,4,4,-5,7,-25,7,7,25,-12,-18,-13,-15,-24,-22,-26,-29,-44,-15,
-57,-63,-75,-70,-88,-88,-88,-107,-94,-93,-104,-109,-123,-113,-129,-115,-123,
-119,-212,-230,-236,-250,-234,-282,-484,-485,-433,-359,-379,-444,-431,-368,
-386,-418,-437,-429,-491,-493,-520,-498,-645,-674,-713,-560,-784,-569,-588,
-584,-584,-619,-1195,-1292,-1292,-1568]} 1. e4 c6 2. d4 d5 3. exd5 cxd5 4. Bd3
(4. c4) 4... Nc6 5. c3 Nf6 6. Nf3 Bg4 7. h3 (7. O-O) 7... Bh5 8. Bf4 e6 9. O-O
Be7 (9... Bd6) 10. Nbd2 O-O 11. Re1 a6 {21% for Wh} (11... Rc8 {23% for Wh})
12. a4 (12. Qc2 {1 win, 1 draw, 1 loss}) 12... Rc8 13. Nf1 (13. Qe2 Re8 14. g4
Bg6 15. Bxg6 hxg6 16. Ne5 Bd6 {Schmidt-Roehrkasten, Niedersachsen ch 2015,
draw agreed}) 13... Bg6 (13... Na5 14. Ng3) 14. Ng3 Na5 15. Ne5 (15. Bxg6 hxg6
16. Ne5 Nd7 17. Nxd7 Qxd7 18. Nf1 Nc4 19. Re2 b5 20. Ne3 b4 21. Nxc4 Rxc4 22.
cxb4 Rxb4 23. b3 Bd6 24. Bxd6 Qxd6 25. Qd3 Rfb8 26. Rb1 Qb6 27. Reb2 Rxd4 {
Cojocaru-Cioara, Galatzi GP op 2007,0-1}) 15... Bxd3 16. Nxd3 Nc4 17. b3 Nd6
18. Rc1 b6 (18... Nde4 19. Ne2 $11) 19. Bxd6 Bxd6 20. Ne5 b5 (20... Nd7) 21.
axb5 axb5 $15 22. b4 Qc7 23. f3 Nd7 24. Nxd7 Qxd7 $17 25. Nf1 (25. Ne2 {
the backward c pawn needs attention}) 25... Qc7 (25... Rc6 26. Qd3 Qc7 27. Re2
Rc8 28. Rec2 Bxb4 $19 {Komodo13}) 26. Nd2 Bf4 (26... Qd8 27. Re2 Rc6 28. Nb3
Qf6 29. Nc5 Qf4 $17 {Wh has shielded the c pawn, but if left with a very open
K side}) 27. Rc2 Bg3 28. Re2 Ra8 $19 29. Nf1 (29. Nb3 Ra3 30. Nc5 Qe7 $19 {
Komodo13}) 29... Bd6 30. Qe1 Rfc8 31. Qc1 Ra4 32. Qb2 Rca8 33. Nd2 Ra2 34. Qxa2
(34. Qc1 Rxc2 35. Qxc2 Bxb4 $19) 34... Rxa2 35. Rxa2 Qxc3 {Wh has a collapsed
centre & a windswept K side; also pieces that can't quite co-operate} 36. Nb1
Qxd4+ 37. Kf1 Qd1+ (37... g6) 38. Re1 Qd3+ 39. Kg1 Bxb4 40. Ra8+ Bf8 41. Kh1 g5
42. Rc1 Kg7 43. Rac8 b4 44. Rb8 Bd6 45. Rb6 Bf4 46. Re1 b3 (46... Qd4 47. Rc6
Qf2 48. Rd1 Qe2 49. Rg1 Be3 {hunts a R down}) 47. Rb7 Qc2 48. Na3 Qa2 (48...
Qc3) 49. Ra7 Qf2 50. Rb1 Qxa7 0-1

[Event "West Wales Congress Major"]
[Site "Swansea"]
[Date "2019.10.12"]
[Round "2.8"]
[White "Penny, Liam"]
[Black "Chung, Daniel"]
[Result "1-0"]
[WhiteElo "1674"]
[BlackElo "1434"]
[Annotator "kemen"]
[PlyCount "101"]
[EventDate "2019.10.11"]
[EventType "swiss"]
[EventRounds "5"]
[EventCountry "WLS"]

{[%evp 0,101,19,31,23,20,24,5,15,13,35,5,-4,-22,-4,96,194,185,230,105,185,126,
170,168,217,169,188,146,146,152,138,139,148,135,109,75,75,63,154,161,162,164,
183,136,140,140,155,156,167,156,153,158,158,152,209,203,258,280,279,284,278,
288,315,283,475,461,474,498,547,550,579,360,366,373,388,388,484,1150,1341,1385,
1458,610,1082,1597,29981,29982,29983,29986,29987,29986,29987,29988,29989,29990,
29993,29992,29993,29994,29995,29996,29997,29998,29999,-30000]} 1. d4 d5 2. Nf3
Nf6 3. e3 Bg4 (3... e6 {most frequent}) 4. h3 (4. c4) 4... Bh5 5. g4 Bg6 6. Ne5
{still in GM territory} Nbd7 {73% for Wh} (6... Nfd7 {45% for Wh}) 7. h4 h5 {
60% for Wh} (7... h6 {78% for Wh}) 8. Nxg6 fxg6 9. g5 (9. Bd3 Kf7 (9... Ne4 10.
f3) 10. g5 {5-0}) 9... Ne4 10. Bd3 (10. Qd3 {also works for Wh}) 10... c5 (
10... e5 11. f3 Nxg5 12. Bxg6+ (12. hxg5 Qxg5 13. Qe2 $18) 12... Nf7 $11 13.
Bxf7+ Kxf7 14. Nc3 Bb4 {Densing-Mqami, Gibraltar Masters 2014,0-1}) (10... c6
11. f3 Qa5+ 12. c3 Nd6 13. Bxg6+ Kd8 14. e4 $18 {Kieselbach-Laag, GER ch U25,
Willingen 2018,0-1}) 11. f3 c4 12. Bxe4 (12. fxe4 cxd3 13. Qxd3 dxe4 14. Qxe4
Qb6 15. Nc3 $18 {Komodo13}) (12. Nc3 $18 {Komodo13}) 12... dxe4 13. fxe4 $18
Qc7 14. Qf3 (14. e5 $18) 14... e6 15. Nc3 (15. O-O) 15... Bb4 16. e5 (16. Bd2
$18) 16... Rf8 (16... Bxc3+ 17. bxc3 Rf8 18. Qe4 Rf5 19. a4 $16 {Komodo13}) 17.
Qe2 $2 (17. Qe4 $16) (17. Qg2 $16) 17... Qc6 {missing an opportunity} (17...
Nxe5 $1 $19 {Stockfish10} 18. Bd2 (18. dxe5 Bxc3+ 19. bxc3 Qxe5 $19 {and it's
the Wh K in trouble} 20. Bd2 Qg3+ 21. Kd1 Rf2 22. Qxc4 Qf3+ 23. Kc1 Qxh1+ 24.
Kb2 Qd5 $19) 18... Nf3+ 19. Kd1 Bxc3 20. bxc3 e5 $19 {Stockfish10}) 18. Rh2 Qf3
(18... Nb6 19. Bd2 Bxc3 20. Bxc3 Qe4 21. O-O-O Rc8 22. Re1 Nd5 {and the wh
square blockade should allow Bl to hold the game#} 23. Qg2 Rf3 24. Rh3 Rf4 25.
Qxe4 Rxe4 26. Kd2 Kf7 27. Rf1+ Kg8 $11) 19. Qxf3 Rxf3 20. Ke2 Rf7 21. Bd2 (21.
Ne4 $18) 21... Bxc3 22. Bxc3 O-O-O 23. Bb4 (23. b3 $18 {Komodo13-opens up the
game for Wh's B & QR}) 23... Nb6 24. Rf2 Rxf2+ 25. Kxf2 Nd5 26. Bd6 Re8 27. Ke2
(27. e4) 27... Ne7 28. e4 Nc6 29. Ke3 Nd8 30. Rf1 {Wh controls the board} Kd7
31. Bf8 (31. d5) 31... Re7 {desperation} (31... b5 32. Bxg7 Re7 33. Bf8 Rf7 34.
Rf6 $18 {Komodo13}) 32. Bxe7 Kxe7 33. d5 exd5 34. exd5 Nf7 35. Rxf7+ (35. Kd4)
35... Kxf7 36. Kd4 Ke7 37. Kxc4 Kd7 38. Kc5 Kc7 39. e6 b6+ 40. Kd4 Kd6 41. c4
a5 42. a4 {zugzwang} (42. b3 {prepares for c5}) 42... Ke7 43. Ke5 b5 44. cxb5
Kf8 45. b6 Kg8 46. e7 Kh7 47. b4 {avoiding stalemate} (47. b7 Kh8 48. b8=R+ Kh7
49. e8=B Kg8 50. Bxg6# {Komodo13 solution}) 47... axb4 48. b7 b3 49. b8=Q b2
50. e8=Q b1=Q 51. Qh8# 1-0

[Event "West Wales Congress Major"]
[Site "Swansea"]
[Date "2019.10.12"]
[Round "2.10"]
[White "Vesz, Marcell"]
[Black "Probert, Malcolm"]
[Result "1-0"]
[WhiteElo "1561"]
[BlackElo "1541"]
[Annotator "kemen"]
[PlyCount "71"]
[EventDate "2019.10.11"]
[EventType "swiss"]
[EventRounds "5"]
[EventCountry "WLS"]

{[%evp 0,71,19,31,41,46,51,33,31,4,37,35,57,37,56,56,41,30,24,14,4,-11,-12,-8,
3,-42,-31,-38,-17,5,-5,2,2,13,64,82,45,48,62,60,58,56,122,130,108,150,186,194,
218,243,243,246,249,172,244,250,239,234,235,211,348,343,341,322,317,315,323,
353,331,206,210,230,349,305]} 1. e4 e6 2. d4 d5 3. e5 (3. Nc3 Bb4 4. e5 b6 5.
a3 Bf8 6. Nf3 Qd7 7. Ne2 Ba6 8. Ng3 Bxf1 9. Nxf1 c5 10. c3 Nc6 {Booley-Probert,
High Wycombe e2e4 Inter 2012,1-0} 11. Ne3) 3... Ne7 4. Bg5 (4. Nf3) (4. Bd3)
4... Qd7 5. Nf3 b6 6. Bd3 (6. Nc3) 6... Ba6 7. Bxa6 (7. O-O {1 win, 1 draw, 1
loss}) 7... Nxa6 8. a3 $146 (8. Qe2 {Cloud Engines} Nb8 9. O-O (9. Nc3 Nf5 10.
g4 Ne7 11. h4 h5 12. gxh5 Nf5 13. a3 Nc6 14. O-O-O Na5 15. Qa6 Qc8 16. Nb5 c6
17. Qxc8+ Rxc8 18. Nc3 Rxh5 {Rodriguez Mellado-Brito Garcia, Gran Canaria
Primavera op 2009,0-1}) 9... h6 10. Bxe7 Bxe7 11. c4 O-O {
Chevaldonnet-Marzalek, Pernik Benderev mem 1981,1/2-1/2} (11... c6 12. Nc3 a6
13. Rac1 Ra7 14. Rc2 O-O 15. Rfc1 {Chevaldonnet-Roos, FRA ch, Le Touquet 1977,
0-1})) 8... c5 9. Qd3 Nb8 10. c3 Nbc6 11. O-O h6 12. Bf4 (12. Be3) 12... c4 (
12... a5 $11 {Komodo13}) 13. Qe2 Nf5 14. Nbd2 g5 15. Be3 g4 16. Ne1 Nxe3 $6 (
16... h5 $11) 17. fxe3 $16 {the f file is useful for Wh, as is the possibility
of e4} h5 18. e4 O-O-O 19. Nc2 Bh6 20. Ne3 Ne7 {it's difficult for Bl to find
somewhere to attack, while Wh can slowly build up (or even have a prospect of
destroying Bl's centre with a N sacrifice)} 21. Rxf7 $18 Rdf8 22. Raf1 Qe8 23.
R7f6 Kd7 24. exd5 Bxe3+ (24... exd5 25. Nexc4 dxc4 26. Nxc4 {will soon be fatal
}) 25. Qxe3 Nxd5 26. Rxf8 (26. Qe4 Nxf6 27. Qb7+ Kd8 28. Qb8+ Kd7 29. Qxa7+ Kc6
30. exf6 Rf7 31. Qa6 $18 {Komodo13}) (26. Qg5 Nxf6 27. exf6 Rhg8 28. Qe5 Kc8
29. Nxc4 $18 (29. Qe4 $18 {Komodo13})) 26... Nxe3 (26... Rxf8 27. Rxf8 Qxf8 28.
Qf2 $18) 27. R1f7+ Qxf7 (27... Kc6 28. Rxe8 Rxe8 29. Ne4 $18 {Komodo13}) 28.
Rxf7+ Kc6 29. Rxa7 (29. Re7 Rh6 30. Ne4 $18 {Komodo13}) 29... Rf8 30. Re7 Kd5
31. Rd7+ Kc6 32. Rd6+ Kc7 33. Rxe6 b5 34. a4 (34. Rf6) 34... bxa4 35. Ra6 Nd1
36. Nxc4 {the phalanx of cpawns in the middle will win} 1-0

[Event "West Wales Congress Major"]
[Site "Swansea"]
[Date "2019.10.12"]
[Round "3.1"]
[White "Miga, Tomasz"]
[Black "Di-Vetta, Andrew"]
[Result "1-0"]
[WhiteElo "1759"]
[BlackElo "1812"]
[Annotator "kemen"]
[PlyCount "113"]
[EventDate "2019.10.11"]
[EventType "swiss"]
[EventRounds "5"]
[EventCountry "WLS"]

{[%evp 0,113,30,18,27,24,51,27,28,21,23,15,39,27,19,24,22,22,36,17,16,19,33,25,
31,26,24,11,28,27,30,26,57,47,46,46,73,49,72,54,99,66,64,11,53,16,109,112,108,
112,104,88,89,88,91,89,87,16,24,24,31,6,105,89,129,127,128,140,139,127,146,150,
143,147,191,232,266,244,294,314,29995,29996,29997,483,499,224,319,200,274,312,
332,199,231,218,303,248,281,309,317,315,323,332,359,381,396,241,248,248,248,
248,264,255,29985,29988,29989,29988]} 1. d4 Nf6 2. Nf3 b6 3. g3 Bb7 4. Bg2 d6
5. O-O g6 6. c4 Bg7 7. Qc2 (7. Nc3) 7... Be4 $146 (7... O-O {main}) 8. Qa4+ (8.
Qb3 Nbd7 9. Nc3 Bb7 10. Qc2 {transposes back to 57 games}) 8... Qd7 9. Qxd7+
Nbxd7 10. Nc3 Rc8 (10... Bb7 $11) 11. Nxe4 (11. d5 $5 {Komodo13- trying to
show up wh square weaknesses in the Bl position, but taking the b looks simpler
}) 11... Nxe4 12. Rb1 (12. b3) 12... O-O 13. b3 f5 (13... b5 $11 {Komodo13})
14. Bb2 (14. Ng5 Nxg5 15. Bxg5 h6 16. Be3 c5 17. dxc5 Nxc5 18. Rfd1 $11 {
Komodo13}) 14... g5 15. Rfd1 e6 16. Nd2 (16. Ne1 $14) 16... Ndf6 17. Nxe4 fxe4
{creates a longterm weakness} (17... Nxe4 {at least costs Wh the B}) 18. d5 (
18. f3 exf3 19. exf3 Rce8 20. Re1 $16 {Komodo13- the Bl centre is a little
suspect}) 18... e5 (18... exd5 19. Bxf6 Bxf6 20. Bh3 Rce8 21. cxd5 h5 22. Rbc1
(22. Be6+ Kg7 23. Rbc1 c5 $11) 22... g4 23. Bg2 Re7 24. e3 $16 {Komodo13}) 19.
h3 (19. Rf1 $16) (19. Bc1 h6 20. Bh3 g4 21. Bg2 Kh7 22. h3 h5 23. h4 Bh6 24.
Bg5 $16 {Komodo13}) 19... g4 20. h4 (20. hxg4) 20... Bh6 21. Bc1 (21. e3) 21...
Kg7 (21... Bxc1 22. Rbxc1 a5 23. Rc3 $14) 22. Bg5 Rf7 (22... e3 23. Bxf6+ Rxf6
24. f3 gxf3 25. Bxf3 Kh8 26. Rf1 Rcf8 27. b4 $14 {Komodo13}) 23. Bxf6+ Rxf6 24.
Bxe4 $16 {and the B has won the pawn- with Rs still on, the opposite colour Bs
are a source of attack, depending on which R can be more active} Rcf8 25. f3 (
25. Rf1) 25... Be3+ 26. Kg2 a5 27. Rf1 h5 28. b4 {maybe this need further
preparation as the Bl Rs gain some activity as well} axb4 29. Rxb4 Ra8 30. Rb2
Ra3 (30... Bd4 31. Rc2 Ra3 $11) 31. Rb3 Bc5 (31... gxf3+ 32. Bxf3 Rxb3 33. axb3
Kh6 34. b4 $16) 32. Rxa3 Bxa3 33. fxg4 $18 {However Wh has seen he can win an
opposite colour B ending with 2 passed pawns} hxg4 34. Bf5 Rf8 35. Bxg4 Ra8 36.
Be6 {swapping Rs would have been lost, but now there are possibilities of a
quick mate( though Bl has some chances perhaps with his R if Wh gets careless}
Ra7 37. Rf7+ Kg6 38. Kh3 (38. Kf3) 38... Bc5 39. Kg4 Rxa2 40. h5+ Kh6 41. Rf6+
(41. Bf5 Rxe2 42. Rh7# {ends it all}) 41... Kh7 42. Bf5+ Kh8 43. Bd3 Ra1 44. h6
Ra8 45. h7 {as a general rule it is unwise to have the pawn too far aparts, &
it is best to wait to commit them onto the same colour as the B, as there
might be a blockade on the colour the B cannot reach.} (45. Kh5 {threatening a
g pawn advance to g7 is more systematic}) 45... Kg7 46. Re6 Rc8 47. Bf5 (47.
Kh5) 47... Kh8 48. Re7 Rf8 49. Kg5 Be3+ (49... e4 {at least allows the Bl B
onto the long diagonal( the Wh e pawn is a straggler}) 50. Kg6 Bf2 51. g4 Bh4
52. Rf7 (52. g5) 52... Rxf7 53. Kxf7 Bg5 54. Kg6 Be7 55. g5 Bf8 56. Kf7 Bg7 57.
Be4 {Zugzwang} 1-0

[Event "West Wales Congress Major"]
[Site "Swansea"]
[Date "2019.10.12"]
[Round "3.2"]
[White "Williams, Stephen"]
[Black "Pinch, David"]
[Result "1/2-1/2"]
[WhiteElo "1675"]
[BlackElo "1842"]
[Annotator "kemen"]
[PlyCount "85"]
[EventDate "2019.10.11"]
[EventType "swiss"]
[EventRounds "5"]
[EventCountry "WLS"]

{[%evp 0,85,30,23,24,-9,10,37,60,46,77,70,98,64,69,57,56,56,63,55,64,73,70,76,
80,58,91,76,87,93,101,47,88,93,120,94,111,-27,124,-24,-18,-30,76,58,70,31,135,
98,95,93,103,107,101,142,136,64,193,207,251,256,264,265,252,252,266,260,259,
263,259,265,263,265,263,256,261,237,290,235,243,186,195,234,235,245,246,195,
267,193]} 1. d4 Nf6 2. c4 c5 3. d5 b5 4. cxb5 a6 5. bxa6 g6 6. Nc3 Bxa6 7. e4
Bxf1 8. Kxf1 d6 9. Nf3 Bg7 10. g3 O-O 11. Kg2 Nbd7 12. Qc2 {All book so far.
The clock has gained 4 minutes!.} (12. Re1) (12. h3 {main lines _R (other
annotations by David)}) 12... Ra6 {Qa5 or Qb6 are the main moves. The idea
behind Ra6 is to slide the queen behind it with pressure on white's centre,
using e6 or f5 should the opportunity arise.} 13. Rd1 {rare} (13. a4 {main}) (
13. Re1 {[__R ]}) 13... Qa8 14. h3 {Black often plays Ng4, Ne5 so this tries
to prevent that. [transposing to 11 games _R]} Nb6 (14... Rb8 {main_R}) 15. Rb1
$146 Rb8 {[Houdini W0.70 best Na4 W0.63] I wish that I had left the rook on f8
for a while longer, so that after Nfd7 and Ne5 then f5 would have been
interesting.} 16. b3 Nfd7 17. a3 {At the time I thought this was inferior to
a4, but Houdini seems to like it.} Ne5 18. Nb5 {Moving the knight to an
unprotected square is asking for tactics.} (18. Nxe5 Bxe5 19. a4 c4 20. Be3
Bxc3 21. Qxc3 cxb3 22. Qxb3 Nd7 23. Qc4 Rc8 24. Qb5 Nc5 25. Bxc5 Rxc5 26. Qb7
Qxb7 27. Rxb7 Rxa4 28. Rxe7 Kf8 29. Rd7 Rxe4 30. Rxd6 Re2 31. Rc6 Rxc6 32. dxc6
Rc2 33. Rd8+ Ke7 34. Rc8 $14 {Komodo13- but this looks like one of those R & P
endings that atr a dead draw,- Wh's R inactive; Bl's very active _R}) 18... Qb7
{Protecting against the c7 fork, but rejecting Nxd5 to due the Nxd6 response.
Black could not find a satisfactory outcome, although Houdini can.} (18... Nxd5
19. Nxe5 (19. Nxd6 $2 Nxf3 20. exd5 Nd4 21. Rxd4 cxd4 22. Nc4 Qxd5+ $19 {
Komodo13}) 19... Bxe5 20. a4 Nb4 $11 (20... Rxb5 21. axb5 Ra2 22. Qd3 Nc3 23.
Rb2 Nxd1 24. Rxa2 Qxa2 25. Qxd1 Bd4 $11 {Komodo13 _R})) 19. Bb2 Nxf3 {Drawing
the king out of its comfort zone.} 20. Kxf3 Qd7 {Hitting the knight and the
h-pawn. This forces white to play the correct move - a4, but will black have
the nerve to take the h-pawn?.} (20... Nxd5 21. a4 Nb4 $11 {Komodo13-R}) (20...
Bxb2 21. Qxb2 Nxd5 {with the K on the long diagonal & the hanging N on b5,
this must be correct. Though, as seen already, care must still be taken too
get the sequence right. _R} 22. exd5 Qxb5 23. Kg2 Rba8 $17 {Komodo13- _R}) 21.
a4 Bxb2 {Black wants to avoid having his king on g7 where it may be
susceptible to tactical checks from the queen, so swaps first.} 22. Qxb2 Nc8 {
Black forgoes the h-pawn because opening the rook file whilst white has the
long diagonal spells danger.} (22... Na8 {Komodo13 _R}) (22... Qxh3 $2 23. Rh1
Qd7 24. Rxh7 $1 $18 {Komodo13_ R}) 23. Qc2 Na7 {Trying to dislodge the knight.}
24. Na3 Rab6 (24... Qxh3 25. Rh1 Qc8 26. Kg2 $16 {Komodo13 _R}) 25. Nc4 Rb4 26.
Kg2 {Keeping the h-pawn.} Qb7 27. Rd3 (27. Rdc1 $16 {Komodo13 _R}) 27... Nc8 $2
{Blunder. The exchange is lost. The idea was to protect d6 in preparation for
e6, since the e4 pawn is now unguarded.} (27... Rxa4 $11 {also missed _R}) 28.
Na5 Qa6 29. Nc6 R8b6 {[Houdini W3.70] Black prefers to end with the rook on b4.
} 30. Nxb4 Rxb4 31. Rc3 (31. e5 dxe5 32. Re1 $18 {Komodo13}) 31... Nb6 {
To prevent Rc4 since swaps are in white's favour.} 32. Ra1 Qa5 33. f3 Rd4 34.
Rd3 Rb4 35. Rc3 {White cannot form a plan to make progress. White has the
q-side pawns locked up. He must find a way to push the e-pawn.} Rd4 {Black is
happy with a draw now.} 36. g4 Nd7 {The knight can leave guarding c4 since Rc4
is met by Rd2!.} 37. Kg3 g5 {To secure the knight on e5, but it might allow
white to open the h-file later.} 38. Rd3 (38. h4 gxh4+ 39. Kxh4 Ne5 40. Kg3 e6
41. Rh1 $18 {Komodo13}) 38... Rb4 39. Rad1 {White is floundering.} Ne5 40. Rc3
Qb6 41. Ra1 Qa5 42. Rb1 h6 43. Rd1 {[Houdini W1.76 best h4 W2.56] Draw offered
and accepted. Another escape.} 1/2-1/2

[Event "West Wales Congress Major"]
[Site "Swansea"]
[Date "2019.10.12"]
[Round "3.3"]
[White "Parsons, David"]
[Black "Penny, Liam"]
[Result "1-0"]
[WhiteElo "1691"]
[BlackElo "1674"]
[Annotator "kemen"]
[PlyCount "59"]
[EventDate "2019.10.11"]
[EventType "swiss"]
[EventRounds "5"]
[EventCountry "WLS"]

{[%evp 0,59,80,31,39,8,39,20,29,-3,-16,-9,-1,4,12,5,17,-6,51,1,-6,6,-12,-13,-7,
-40,-42,-37,-32,-30,-33,-67,-46,-38,-15,-39,3,4,31,29,28,28,42,42,43,52,38,40,
68,38,20,12,29987,29988,29989,29990,29993,29994,29995,29996,29997,29998]} 1. d4
d5 2. Nf3 Nf6 3. e3 c5 4. b3 Nc6 5. Bd3 (5. Bb2) 5... e6 (5... Bg4) 6. O-O Be7
(6... Bd6) 7. Bb2 O-O 8. a3 (8. Nbd2) 8... Nd7 (8... b6 {main}) 9. Ne5 $146 (9.
Nbd2 {5 Wh wins, 4 draws, 2 Bl wins}) 9... cxd4 10. exd4 Ncxe5 11. dxe5 Nc5 $11
12. Nc3 Nxd3 13. Qxd3 Bd7 14. Rad1 Rc8 (14... a6) 15. Rfe1 Bc5 16. Ne2 a6 (
16... Qg5) 17. Nd4 Bxd4 (17... Qg5 18. Qe2 Qg6 $15 {Komodo13}) 18. Bxd4 Bb5 19.
Qd2 Qc7 20. c3 $16 {the Bl B is doing less than the Wh one & Wh has a Kingside
space advantage, that may well lead to an attack there} Qa5 21. a4 Bd7 22. Re3
b5 23. axb5 (23. Rg3 $18 {Komodo13 finds an instant win} Kh8 (23... f6 24. exf6
g6 25. Rxg6+ hxg6 26. Qh6 Rf7 27. Qxg6+ Kf8 28. Be3 Ke8 29. Bh6 Kd8 30. Qxf7
$18) (23... g6 24. Qh6) 24. Rxg7 Rg8 (24... Kxg7 25. Qg5+ Kh8 26. Qf6+ Kg8 27.
Rd3 {mating}) 25. Rxf7 Be8 26. Re7 Qd8 27. Rxe6 Qh4 28. Rxa6 $18 {Komodo13})
23... Qxb5 24. Rb1 (24. Rg3 $18 Qxb3 25. c4 Qa4 26. Ra1 Rb8 27. Qc1 Qb4 28. Bc3
Qe7 29. Qh6 g6 30. cxd5 $18 (30. Rh3 $18 {Komodo13})) 24... a5 25. Rg3 a4 (
25... Kh8 26. Qg5 Rg8 27. f4 h6 28. f5 Kh7 29. Qe7 $16 {Komodo13}) 26. Qh6 g6
27. Rh3 Rfd8 28. Qxh7+ Kf8 29. Qh8+ Ke7 30. Qf6+ 1-0